<?xml version="1.0" encoding="UTF-8"?>
<record
    xmlns:xsi="http://www.w3.org/2001/XMLSchema-instance"
    xsi:schemaLocation="http://www.loc.gov/MARC21/slim http://www.loc.gov/standards/marcxml/schema/MARC21slim.xsd"
    xmlns="http://www.loc.gov/MARC21/slim">

  <leader>00521nam a2200181Ia 4500</leader>
  <controlfield tag="008">230720s9999    xx            000 0 und d</controlfield>
  <datafield tag="020" ind1=" " ind2=" ">
    <subfield code="a">9789332574120</subfield>
  </datafield>
  <datafield tag="041" ind1=" " ind2=" ">
    <subfield code="a">eng</subfield>
  </datafield>
  <datafield tag="082" ind1=" " ind2=" ">
    <subfield code="a">658</subfield>
    <subfield code="b">ROB</subfield>
  </datafield>
  <datafield tag="100" ind1=" " ind2=" ">
    <subfield code="a">Robbins S.P.</subfield>
  </datafield>
  <datafield tag="245" ind1=" " ind2=" ">
    <subfield code="a">Fundamentals of Management</subfield>
    <subfield code="b">Essential Concepts And Applications</subfield>
  </datafield>
  <datafield tag="250" ind1=" " ind2=" ">
    <subfield code="a">9th ed.</subfield>
  </datafield>
  <datafield tag="260" ind1=" " ind2=" ">
    <subfield code="c">2017</subfield>
    <subfield code="b">Pearson</subfield>
  </datafield>
  <datafield tag="300" ind1=" " ind2=" ">
    <subfield code="a">504</subfield>
  </datafield>
  <datafield tag="365" ind1=" " ind2=" ">
    <subfield code="c">Rs.</subfield>
    <subfield code="b">875</subfield>
  </datafield>
  <datafield tag="700" ind1=" " ind2=" ">
    <subfield code="a">Robbins S.P.; Coulter M. &amp; Cenzo D.D.</subfield>
    <subfield code="9">117464</subfield>
  </datafield>
  <datafield tag="906" ind1=" " ind2=" ">
    <subfield code="d">O:0796528-Apr-2023B:1204718-Apr-2023</subfield>
    <subfield code="c">TE</subfield>
    <subfield code="b">1093.75</subfield>
  </datafield>
  <datafield tag="999" ind1=" " ind2=" ">
    <subfield code="c">355321</subfield>
    <subfield code="d">355321</subfield>
  </datafield>
  <datafield tag="952" ind1=" " ind2=" ">
    <subfield code="0">0</subfield>
    <subfield code="1">0</subfield>
    <subfield code="4">0</subfield>
    <subfield code="7">0</subfield>
    <subfield code="a">CCEP</subfield>
    <subfield code="b">CCEP</subfield>
    <subfield code="d">2023-04-28</subfield>
    <subfield code="e">The Forward Books</subfield>
    <subfield code="f">TE</subfield>
    <subfield code="g">3281.25</subfield>
    <subfield code="i">12047</subfield>
    <subfield code="l">1</subfield>
    <subfield code="o">658</subfield>
    <subfield code="p">CCEP-BK-65030</subfield>
    <subfield code="r">2024-02-15 00:00:00</subfield>
    <subfield code="s">2024-02-14</subfield>
    <subfield code="t">1093.75</subfield>
    <subfield code="v">875.00</subfield>
    <subfield code="w">2023-04-18</subfield>
    <subfield code="y">BK</subfield>
    <subfield code="z">065030</subfield>
  </datafield>
</record>
